000
00300nam a22001337a 4500
008
180913b xxu||||| |||| 00| 0 eng d
020
_a
9780137377848
041
_a
eng
080
_2
5 ED
_a
004
100
_a
30
101
_a
SHK
245
_a
Internet Bridge Computers
_c
Long.L
942
_2
udc
_c
BK
999
_c
47728
_d
47728